Producción de mecancías por medio de mercancías : (Registro nro. 11397)

Detalles MARC
000 -LIDER
fixed length control field 00808nam a22002537a 4500
001 - NÚMERO DE CONTROL
Identificador de número de control 000500
003 - IDENTIFICACDOR DE NÚMERO DE CONTROL
control field DO-SdBNP
005 - DATE AND TIME OF LATEST TRANSACTION
control field 20180202101455.0
007 - CAMPOS FIJOS DE DESCRIPCIÓN FÍSICA
fixed length control field 000500
008 - ELEMENTOS DE LONGITUD FIJA
fixed length control field 160915b 1983 sp ||||| |||| 00| 0 spa d
020 ## - ISBN
International Standard Book Number 8428100306
040 ## - FUENTE DE CATALOGACIÓN
Agencia que crea de manera original el registro BPMSU
Idioma de catalogación spa
Agencia que realiza la transcripción BPMSU
092 ## - LOCALLY ASSIGNED DEWEY DECIMAL CALL NUMBER
Número de clasificación xxxxx
Número de ítem (Cutter) xxxxx
100 1# - ASIENTO PRINCIPAL -- NOMBRE PERSONAL
Nombre personal Sraffa, Piero
245 10 - MENCIÓN DE TITULO
Título Producción de mecancías por medio de mercancías :
Subtítulo preludio a una crítica de la teoría económica /
Mención de responsabilidad Piero Sraffa.
250 ## - MENCIÓN DE EDICION
Mención de edición 3a ed.
260 ## - PUBLICACIÓN, DISTRIBUCIÓN, ETC. (PIE DE IMPRENTA)
Lugar de publicación, distribución, etc Vilassar de Mar, Barcelona :
Nombre del editor, distribuidor, etc. Oikos-Tau, S.A. de Ediciones,
Fecha de publicación, distribución, etc 1983.
300 ## - DESCRIPCIÓN FÍSICA
Extensión 137 p. ;
Dimensiones 21 cm.
490 1# - MENCIÓN DE SERIES
Mención de serie Libros de economía Oikos.
Volume/sequential designation 9
830 #0 - ASIENTO SECUNDARIO DE SERIE--TÍTULO UNIFORME
Título uniforme Libros de economía Oikos.
Número de la parte o sección de una obra 9
942 ## - ADDED ENTRY ELEMENTS (KOHA)
Source of classification or shelving scheme Dewey Decimal Classification
Koha item type Libros
945 ## - INFORMACIÓN DE PROCESAMIENTO LOCAL
Información de procesamiento local Inventariado, 2018/ YL
956 ## - LOCAL ELECTRONIC LOCATION AND ACCESS (OCLC)
Método de acceso LOPEREZ
Materiales especificados 10
Enlace 20160915
Campo enlazado y núm. de secuencia BPMSU
Nombre de host 00041
Existencias
Withdrawn status Lost status Source of classification or shelving scheme Damaged status Not for loan Collection code Home library Current library Date acquired Source of acquisition Total Checkouts Barcode Date last seen Price effective from Koha item type
    Dewey Decimal Classification     Colección General Biblioteca Pública Metropolitana Salomé Ureña Biblioteca Pública Metropolitana Salomé Ureña 09/15/2016 Biblioteca Nacional   BPMSU16090321 09/15/2016 09/15/2016 Libros